Ossetic material among the literary remains of Bernard Munkácsi

Elmentve itt :
Bibliográfiai részletek
Szerző: Apor Éva
Dokumentumtípus: Cikk
Megjelent: Akadémiai Kiadó Budapest 1963
Sorozat:Acta Orientalia Academiae Scientiarum Hungaricae 16 No. 2
Kulcsszavak:Munkácsi Bernát, Oszét nyelv
Tárgyszavak:
Online Access:http://misc.bibl.u-szeged.hu/55760
LEADER 00781nab a2200217 i 4500
001 misc55760
005 20230117115412.0
008 200507s1963 hu o 0|| eng d
022 |a 0001-6446 
040 |a SZTE Miscellanea Repozitórium  |b hun 
041 |a eng 
100 1 |a Apor Éva 
245 1 0 |a Ossetic material among the literary remains of Bernard Munkácsi  |h [elektronikus dokumentum] /  |c  Apor Éva 
260 |a Akadémiai Kiadó  |b Budapest  |c 1963 
300 |a 225-240 
490 0 |a Acta Orientalia Academiae Scientiarum Hungaricae  |v 16 No. 2 
561 |a Németh Gyula hagyaték 
650 4 |a Bölcsészettudományok 
650 4 |a Nyelvek és irodalom 
695 |a Munkácsi Bernát, Oszét nyelv 
856 4 0 |u http://misc.bibl.u-szeged.hu/55760/1/121_nop_a72.pdf  |z Dokumentum-elérés